<?xml version="1.0" encoding="UTF-8"?><marc:collection xmlns:marc="http://www.loc.gov/MARC21/slim">
  <marc:record>
    <marc:leader>00000nam  2200000za 4500</marc:leader>
    <marc:controlfield tag="001">9.569990</marc:controlfield>
    <marc:controlfield tag="003">CaOODSP</marc:controlfield>
    <marc:controlfield tag="005">20210624182028</marc:controlfield>
    <marc:controlfield tag="007">cr |||||||||||</marc:controlfield>
    <marc:controlfield tag="008">150406s2003||||onca||||osbs f000 0 eng d</marc:controlfield>
    <marc:datafield tag="040" ind1=" " ind2=" ">
      <marc:subfield code="a">CaOODSP</marc:subfield>
      <marc:subfield code="b">eng</marc:subfield>
    </marc:datafield>
    <marc:datafield tag="043" ind1=" " ind2=" ">
      <marc:subfield code="a">n-cn-qu</marc:subfield>
    </marc:datafield>
    <marc:datafield tag="086" ind1="1" ind2=" ">
      <marc:subfield code="a">NH18-1-2/150-2003E-PDF</marc:subfield>
    </marc:datafield>
    <marc:datafield tag="100" ind1="1" ind2=" ">
      <marc:subfield code="a">Desgagné, Martin.</marc:subfield>
    </marc:datafield>
    <marc:datafield tag="245" ind1="1" ind2="0">
      <marc:subfield code="a">Housing Education Program, phase A </marc:subfield>
      <marc:subfield code="h">[electronic resource] : </marc:subfield>
      <marc:subfield code="b">a summary and consultation regarding existing rental housing in Cree communities (Eastman Pilot Project) 2001, final report / </marc:subfield>
      <marc:subfield code="c">prepared by the CRA (Martin Desgagné) and box architectures (Isabelle Champagne and Maïti Chagny) for the Cree Nation of Eastmain and Eastmain Rental Housing Department with the financial support from CMHC, the Cree Regional Authority and the Cree Nation of Eastmain.</marc:subfield>
    </marc:datafield>
    <marc:datafield tag="260" ind1=" " ind2=" ">
      <marc:subfield code="a">[Ottawa] : </marc:subfield>
      <marc:subfield code="b">Canada Mortgage and Housing Corporation, </marc:subfield>
      <marc:subfield code="c">2003.</marc:subfield>
    </marc:datafield>
    <marc:datafield tag="300" ind1=" " ind2=" ">
      <marc:subfield code="a">ii, 1, 44 p. : </marc:subfield>
      <marc:subfield code="b">Ill.</marc:subfield>
    </marc:datafield>
    <marc:datafield tag="490" ind1="1" ind2=" ">
      <marc:subfield code="a">Research report</marc:subfield>
    </marc:datafield>
    <marc:datafield tag="504" ind1=" " ind2=" ">
      <marc:subfield code="a">Includes bibliographical references.</marc:subfield>
    </marc:datafield>
    <marc:datafield tag="590" ind1=" " ind2=" ">
      <marc:subfield code="a">11-26-Supp</marc:subfield>
      <marc:subfield code="b">2011-11-03</marc:subfield>
    </marc:datafield>
    <marc:datafield tag="710" ind1="2" ind2=" ">
      <marc:subfield code="a">Canada Mortgage and Housing Corporation.</marc:subfield>
    </marc:datafield>
    <marc:datafield tag="830" ind1="#" ind2="0">
      <marc:subfield code="a">Research report (Canada Mortgage and Housing Corporation : Online)</marc:subfield>
      <marc:subfield code="w">(CaOODSP)9.506068</marc:subfield>
    </marc:datafield>
    <marc:datafield tag="856" ind1="4" ind2="0">
      <marc:subfield code="a">http://publications.gc.ca</marc:subfield>
      <marc:subfield code="q">PDF</marc:subfield>
      <marc:subfield code="s">841 KB</marc:subfield>
      <marc:subfield code="u">https://publications.gc.ca/collections/collection_2011/schl-cmhc/nh18-1-2/NH18-1-2-150-2003-eng.pdf</marc:subfield>
    </marc:datafield>
  </marc:record>
</marc:collection>
